[Event "Bialystok op"]
[Site "Bialystok"]
[Date "2013.11.10"]
[Round "8"]
[White "Kostyra, Stanislaw"]
[Black "Klimaszewski, Dariusz"]
[Result "1-0"]
[WhiteElo "2283"]
[BlackElo "2189"]
[PlyCount "71"]
[EventDate "2013.11.02"]
[EventType "swiss"]
[EventRounds "9"]
[EventCountry "POL"]
[SourceTitle "CBM 157 Extra"]
[Source "ChessBase"]
[SourceDate "2013.12.19"]
[SourceVersion "1"]
[SourceVersionDate "2013.12.19"]
[SourceQuality "1"]

1. d4 Nf6 2. c4 g6 3. Nc3 Bg7 4. e4 d6 5. f3 0-0 6. Be3 e5 7. Nge2 c6 8. Qd2 Nbd7 9. 0-0-0 a6 10. h4 b5 11. h5 Nxh5 12. g4 Nhf6 13. Bh6 Qe7 14. Bxg7 Kxg7 15. Qh6+ Kh8 16. Ng3 Rg8 17. g5 Nh5 18. dxe5 Nxe5 19. Nxh5 gxh5 20. f4 Ng4 21. Qxd6 Qxd6 22. Rxd6 b4 23. Nd1 Kg7 24. Rxh5 c5 25. Bd3 Ra7 26. e5 Rh8 27. Kd2 Rd7 28. Rxd7 Bxd7 29. Ne3 Rd8 30. Nd5 h6 31. gxh6+ Nxh6 32. f5 Rh8 33. Rg5+ Kf8 34. Nf6 Bc6 35. Be4 Be8 36. Rh5 1-0

[Event "Bialystok Bieluczyk Memorial 5th"]
[Site "Bialystok"]
[Date "2013.??.??"]
[Round "5"]
[White "Budrewicz, Krzysztof"]
[Black "Kostyra, Stanislaw"]
[Result "1/2-1/2"]
[WhiteElo "2215"]
[BlackElo "2280"]
[PlyCount "40"]
[EventDate "2013.06.29"]
[EventType "swiss"]
[EventRounds "9"]
[EventCountry "POL"]
[SourceTitle "CBM 155 Extra"]
[Source "ChessBase"]
[SourceDate "2013.08.26"]
[SourceVersion "1"]
[SourceVersionDate "2013.08.26"]
[SourceQuality "1"]

1. d4 d5 2. c4 e6 3. Nc3 Nf6 4. Nf3 c5 5. cxd5 Nxd5 6. e4 Nxc3 7. bxc3 cxd4 8. cxd4 Bb4+ 9. Bd2 Bxd2+ 10. Qxd2 0-0 11. Be2 b6 12. 0-0 Bb7 13. Qe3 Nc6 14. Rad1 Qe7 15. Bb5 Rfd8 16. Rfe1 Nb4 17. Rd2 Rac8 18. Ba4 Rc7 19. a3 Na6 20. h4 Nb8 1/2-1/2

[Event "Bialystok Bieluczyk Memorial 5th"]
[Site "Bialystok"]
[Date "2013.??.??"]
[Round "2"]
[White "Cylwik, Zbigniew"]
[Black "Kostyra, Stanislaw"]
[Result "1/2-1/2"]
[WhiteElo "2002"]
[BlackElo "2280"]
[PlyCount "54"]
[EventDate "2013.06.29"]
[EventType "swiss"]
[EventRounds "9"]
[EventCountry "POL"]
[SourceTitle "CBM 155 Extra"]
[Source "ChessBase"]
[SourceDate "2013.08.26"]
[SourceVersion "1"]
[SourceVersionDate "2013.08.26"]
[SourceQuality "1"]

1. d4 Nf6 2. Nf3 c5 3. c3 e6 4. Bg5 cxd4 5. Nxd4 d5 6. e3 Nc6 7. Be2 Be7 8. Nd2 e5 9. N4f3 0-0 10. 0-0 Be6 11. h3 Rc8 12. Nh2 Nd7 13. Bxe7 Qxe7 14. Re1 f5 15. Nb3 Nb6 16. f4 Nc4 17. Qc1 e4 18. Bxc4 dxc4 19. Nd4 Nxd4 20. exd4 h6 21. Qe3 Bd5 22. Nf3 g5 23. Ne5 gxf4 24. Qxf4 Qg5 25. g3 Rc7 26. Kh2 Kh7 27. Re3 Qxf4 1/2-1/2

[Event "Bialystok Bieluczyk Memorial 5th"]
[Site "Bialystok"]
[Date "2013.??.??"]
[Round "7"]
[White "Kosakowski, Jakub"]
[Black "Kostyra, Stanislaw"]
[Result "0-1"]
[WhiteElo "1773"]
[BlackElo "2280"]
[PlyCount "108"]
[EventDate "2013.06.29"]
[EventType "swiss"]
[EventRounds "9"]
[EventCountry "POL"]
[SourceTitle "CBM 155 Extra"]
[Source "ChessBase"]
[SourceDate "2013.08.26"]
[SourceVersion "1"]
[SourceVersionDate "2013.08.26"]
[SourceQuality "1"]

1. e4 e5 2. Nf3 Nc6 3. Bb5 a6 4. Ba4 Bc5 5. c3 b5 6. Bb3 d6 7. d4 Bb6 8. dxe5 dxe5 9. Qxd8+ Nxd8 10. Nxe5 Nf6 11. f3 0-0 12. Bg5 Re8 13. Nd3 Nxe4 14. fxe4 Rxe4+ 15. Kf1 Bb7 16. Ne1 Ne6 17. Bxe6 Rxe6 18. Nd2 Rae8 19. Nef3 Re2 20. Bh4 Bxf3 21. Nxf3 Rxb2 22. Re1 Rxe1+ 23. Bxe1 Rxa2 24. h4 a5 25. Rh3 a4 26. Ne5 f6 27. Nc6 Bc5 28. c4 a3 29. cxb5 Rb2 30. Rd3 Rxb5 31. Rd8+ Kf7 32. Ra8 Rb6 33. Na5 Rb1 34. Nc6 Ke6 35. Ra4 Kd7 36. Na5 Bb4 37. Rxb4 a2 38. Nb3 Rxb3 39. Ra4 Rb2 40. g4 c5 41. Ra6 Kc7 42. g5 Kb7 43. Ra5 Rc2 44. gxf6 gxf6 45. h5 h6 46. Ra3 Kc6 47. Ra7 Kb5 48. Ra8 Kc4 49. Ra5 Rb2 50. Ra3 Rc2 51. Ra5 Kd5 52. Ra3 Ke4 53. Ra4+ Kf5 54. Ra3 Kg4 0-1

[Event "Sokolka op 4th"]
[Site "Sokolka"]
[Date "2013.??.??"]
[Round "6"]
[White "Kostyra, Stanislaw"]
[Black "Kozaczynska, Aleksandra"]
[Result "1-0"]
[WhiteElo "2280"]
[BlackElo "1575"]
[PlyCount "73"]
[EventDate "2013.07.??"]
[EventType "swiss"]
[EventRounds "9"]
[EventCountry "POL"]
[SourceTitle "EXT 2015"]
[Source "ChessBase"]
[SourceDate "2014.11.20"]
[SourceVersion "1"]
[SourceVersionDate "2014.11.20"]
[SourceQuality "1"]

1. d4 Nf6 2. c4 g6 3. Nc3 Bg7 4. e4 d6 5. f3 a6 6. Be3 Nbd7 7. Qd2 h5 8. Nh3 Nb6 9. Ng5 Bd7 10. Qc2 0-0 11. Rd1 Qe8 12. b3 c6 13. Be2 Nh7 14. Nxh7 Kxh7 15. f4 f5 16. d5 c5 17. 0-0 Nc8 18. Bd3 e6 19. dxe6 Bxe6 20. exf5 Bxf5 21. Rfe1 Bxc3 22. Qxc3 Qf7 23. Bxf5 Qxf5 24. Rd5 Qf7 25. Qd3 b6 26. Rxh5+ Kg7 27. Rg5 Kh7 28. Bd2 Re8 29. Rxe8 Qxe8 30. Bc3 Qe6 31. f5 Qe7 32. Qh3+ Kg8 33. Rxg6+ Kf7 34. Rg7+ Ke8 35. Qh8+ Kd7 36. f6 Qxg7 37. fxg7 1-0